Rubber technology and manufacture: Small scale rubber industries(technology of rubber and rubber processing chemicals) (Record no. 22664)

MARC details
000 -LEADER
fixed length control field 00434nam a2200145Ia 4500
082 ## - DEWEY DECIMAL CLASSIFICATION NUMBER
Classification number NR:62
Item number GOE
100 ## - MAIN ENTRY--AUTHOR NAME
Personal name Goel, R K
245 #0 - TITLE STATEMENT
Title Rubber technology and manufacture: Small scale rubber industries(technology of rubber and rubber processing chemicals)
260 ## - PUBLICATION, DISTRIBUTION, ETC. (IMPRINT)
Place of publication Delhi
Name of publisher SBP
650 ## - SUBJECT ADDED ENTRY--TOPICAL TERM
Topical Term Compounding
650 ## - SUBJECT ADDED ENTRY--TOPICAL TERM
Topical Term Rubber industry
650 ## - SUBJECT ADDED ENTRY--TOPICAL TERM
Topical Term Rubber products
942 ## - ADDED ENTRY ELEMENTS (KOHA)
Koha item type Books
Holdings
Withdrawn status Lost status Damaged status Not for loan Home library Current library Date acquired Cost, normal purchase price Full call number Accession Number Koha item type
        RRII Library RRII Library 16/12/2021 40.00 NR:62 GOE 03384 Books